| 000 | 00951nam a22002177a 4500 | ||
|---|---|---|---|
| 001 | BD-DhSAU 143 | ||
| 003 | BD-DhSAU | ||
| 005 | 20140609110007.0 | ||
| 008 | 140121b ii a|||| |||| 001 0 eng d | ||
| 020 | _a8176295264 | ||
| 040 | _cBD-DhSAU | ||
| 082 |
_222 _a635 / ADV |
||
| 245 |
_aAdvances in horticulture : _bStratigic, production, plant protection, value addition / _cEdited by V. K. Sharma [Editor] |
||
| 260 |
_aNew Delhi, India : _bDeep And Deep Publications Pvt. Ltd. , _cc2004. |
||
| 300 |
_axiv, 362 p. : _bill. ; _c25 cm. |
||
| 504 | _aIncludes bibliographical references and index. | ||
| 650 | _aHorticulture | ||
| 700 | _aSharma, V. K. | ||
| 856 | _uhttp://books.google.com.bd/books?id=q6SaX8KgBZUC&dq=8176295264&hl=en&sa=X&ei=3z3eUsWnF8TDrAev2IDwBA&ved=0CC0Q6AEwAA | ||
| 856 | _uhttp://www.amazon.com/s/ref=nb_sb_noss?url=search-alias%3Dstripbooks&field-keywords=8176295264&rh=n%3A283155%2Ck%3A8176295264 | ||
| 942 |
_2ddc _cBOOK |
||
| 999 |
_c143 _d143 |
||